000 00437nam a2200181Ia 4500
005 20241219051212.0
008 240331s9999 xx 000 0 und d
020 _a9558610194
082 _bCEN
_25737
_a305
245 0 _aGender ,society and change
260 _aColombo
_bCentre for Women's Research
_c2005
300 _av, 157 p.,
650 _aGender
650 _aSociety
650 _aWomen
700 _aCENWOR
_eedt
942 _cL
999 _c1350
_d1350